| 000 | 00512nam a22001577a 4500 | ||
|---|---|---|---|
| 020 | _qHard Cover. | ||
| 082 | _a658 | ||
| 100 | _aShahid, Sameen | ||
| 245 |
_aStudy of main Drivers of Change in Human Resource Structure in Telecom Industry in Pakistan _cSameen Shahid. |
||
| 260 |
_aIslamabad: _bNBS - NUST, _c2013. |
||
| 300 |
_avi, 88 p. : ill. ; _c30cm. |
||
| 650 |
_aMBA Thesis. _917629 |
||
| 700 |
_aMr. Naukez Sarwar. _918767 |
||
| 942 |
_2ddc _cTHE |
||
| 999 |
_c527478 _d527478 |
||